000 00858cab a22001935a 4500
001 L152290
008 110218s2011 xxk 000 0 eng d
035 _a(Sirsi) u152290
041 0 _aeng
100 1 _aJesuorobo, Louis
245 0 0 _aWhy whole life-cycle costing for project development?
260 _c2011
490 _aProject Control Professional
_v49(1) February 2011, 15-19(5)
520 _aClients are likely to evaluate cost on the basis of life-cycle cost management in building and civil engineering structures; whole-life cost management is the process of cost planning, estimating, co-ordination, control and reporting of all cost-related aspects from project initiation to operation and maintenance and, ultimately, disposal.
590 _aKA
651 4 _aUnited Kingdom
_y
690 _aBUILT ENVIRONMENT-BUILDING COSTS
942 _n0
999 _c82932
_d82932